Collage Mujeres /

I tiakina i:
Ngā taipitopito rārangi puna kōrero
Kaituhi matua: Letelier, Lilian (autor)
Hōputu: Pukapuka
Reo:Pāniora
I whakaputaina: Santiago, Chile : CENECA, fecha no identificada
Ngā marau:
Ngā Tūtohu: Tāpirihia he Tūtohu
Kāore He Tūtohu, Me noho koe te mea tuatahi ki te tūtohu i tēnei pūkete!

MARC

LEADER 00000nam^a2200000^a^4500
001 000023466
005 20250521000000.0
009 20260310084536.362
037 |a Acervo ITESO - Biblioteca 
041 |a ESP 
082 |a 305. 42  |b LET 
100 |a Letelier, Lilian  |e (autor) 
245 1 0 |a Collage Mujeres /  |c L. Letelier. 
264 1 |a Santiago, Chile :  |b CENECA,  |c fecha no identificada 
300 |a 155 p. 
336 |a texto  |b txt  |2 rdacontenido 
337 |a sin mediación  |b n  |2 rdamedio 
338 |a volumen  |b nc  |2 rdasoporte 
649 |a XX 
650 |a Mujeres Chilenas 
650 |a Mujeres Chilenas 
910 |a Fondo General 
920 |a Impresos - Libros 
930 |a Colección General 
905 |a 101 
901 |a 0234660100  |b IT1  |c ACC  |i 023466  |u 20250521 
902 |a https://opac.biblio.iteso.mx/vufind/Record/000023466